000 00761nam a22002177a 4500
003 0
005 20251028092342.0
008 251028b xxu||||| |||| 00| 0 eng d
020 _a978-1-77956-443-6
050 _aG 156.5.S87
_b.Ar74 2025
100 _aArjona, Merly Fiscal,
_eauthor.
245 _aSustainable tourism practices and their effect on local communities /
_cMerly Fiscal Arjona.
260 _aBurlington, ON :
_bSociety Publishing,
_c2025.
300 _axvi, 372 pages :
_bcolored illustrations ;
_c24 cm.
504 _aIncludes bibliographical references and index.
650 _aSustainable tourism.
650 _aTourism
_xSocial aspects.
650 _aTourism
_xEnvironmental aspects.
650 _aCommunity development.
942 _2lcc
_cBK
999 _c368363
_d368363